Traité théorique et pratique des maladies des yeux / (Record no. 167882)
[ view plain ]
| 000 -LEADER | |
|---|---|
| campo de control de longitud fija | 00793nam a2200205 i 4500 |
| 001 - NÚMERO DE CONTROL | |
| campo de control | 167882 |
| 003 - IDENTIFICADOR DE NÚMERO DE CONTROL | |
| campo de control | ES-MaACL |
| 005 - FECHA Y HORA DE LA ÚLTIMA TRANSACCIÓN | |
| campo de control | 20230906213621.0 |
| 008 - DATOS DE LONGITUD FIJA--INFORMACIÓN GENERAL | |
| campo de control de longitud fija | 021011s1867 fr af |||| | fre d |
| 040 ## - FUENTE DE CATALOGACIÓN | |
| Centro catalogador/agencia de origen | CCPB | B |
| Lengua de catalogación | spa |
| Centro/agencia transcriptor | CCPB | B |
| 100 1# - ENTRADA PRINCIPAL--NOMBRE DE PERSONA | |
| Nombre de persona | Wecker, L. de ( |
| Fechas asociadas al nombre | 1832-1904) |
| 9 (RLIN) | 133892 |
| 245 10 - MENCIÓN DEL TÍTULO | |
| Título | Traité théorique et pratique des maladies des yeux / |
| Mención de responsabilidad, etc. | par L. Wecker. |
| 250 ## - MENCION DE EDICION | |
| Mención de edición | 2e éd. rev., corr. et augm. dans la texte. |
| 260 ## - PUBLICACIÓN, DISTRIBUCIÓN, ETC. | |
| Lugar de publicación, distribución, etc. | Paris : |
| Nombre del editor, distribuidor, etc. | Adrien Delahaye, libraire-éditeur, |
| Fecha de publicación, distribución, etc. | 1867 ( |
| Fabricante | imprimerie de E. Martinet) |
| 300 ## - DESCRIPCIÓN FÍSICA | |
| Extensión | v. : |
| Otras características físicas | il. ; |
| Dimensiones | 23 cm. |
| 596 ## - NOTA AL PIE DE IMPRENTA | |
| NOTA AL PIE DE IMPRENTA | El t. II editado en 1868. |
| 597 ## - NOTA DE DESCRIPCIÓN FÍSICA | |
| NOTA DE DESCRIPCIÓN FÍSICA | T. I (936 p., VI h. de grab.) -- t. II (1091 p., [3] h. de lám., [1] h. pleg.) |
| 650 #4 - PUNTO DE ACCESO ADICIONAL DE MATERIA--TÉRMINO DE MATERIA | |
| Término de materia o nombre geográfico como elemento de entrada | Ojos- |
| Subdivisión general | Enfermedades. |
| 9 (RLIN) | 139434 |
| 852 ## - LOCALIZACIÓN | |
| Ubicación | ES-MaACL |
| Número de control de estantería | G-13826-27 |
| Nota libre | -- Enc. hol. |
| Estatus retirado | Estado de pérdida | Estado de daño | No para préstamo | Colección | Biblioteca de origen | Biblioteca actual | Ubicación en estantería | Fecha de adquisición | Total de préstamos | Signatura topográfica completa | Código de barras | Visto por última vez | Precio de reemplazo | Tipo de ítem Koha |
|---|---|---|---|---|---|---|---|---|---|---|---|---|---|---|
| Libros del s. XIX | Biblioteca del Ateneo de Madrid | Biblioteca del Ateneo de Madrid | Sala Pecera Planta 3 | 17/01/2008 | G-13826-27 | 1176129 | 23/02/2023 | 23/02/2023 | Libro impreso antiguo |
